000 00650nam a2200217 a 4500
005 20210219153052.0
008 991125n 000 0 u
035 _aUPN01000075735
100 _aWilson, Timothy L.Y.
222 _aREADING IMPROVEMENT :
_bA JOURNAL FOR THE IMPROVEMENT OF READING
245 _aEmergent literacy : Young children's experiments with written communication
300 _a113-116
362 _a30, No. 2, 1993
505 _aOctubre 1993
653 0 _aESCRITURA (COMPOSICION)
653 0 _aLENGUAGE ESCRITO
700 _aMosley, Mary H.
700 _aShirley, Sheri
904 _aAC
_b013546
905 _aArticulo
999 _c67649
_d67649